What do you meme? (WT. 1195.7 g)
"Compete to create the funniest meme by pairing Caption Cards with the Photo Card in play. A rotating judge picks the best combination each round."--Container.
Record details
- Physical Description: 1 game (75 photograph cards, 360 caption cards, 1 easel, 1 instruction sheet) : color, paper ; in container 17 x 12 x 11 cm
- Publisher: New York, New York : What Do You Meme, LLC, [2020]
Content descriptions
| General Note: | 75 photographic cards 360 caption cards 1 easel 1 instruction sheet WT. 1195.7 |
| Target Audience Note: | Ages 17+. |
Search for related items by subject
| Subject: | Games. Memes > Humor. |
| Genre: | Humor. Puzzles and games. Realia |
| LDR | 01655nrm a2200445 i 4500 | ||
|---|---|---|---|
| 001 | 160049 | ||
| 003 | SBPL | ||
| 005 | 20230221124016.0 | ||
| 008 | 210218t20202020nyunnn e gneng d | ||
| 007 | zm | ||
| 024 | 1 | . | ‡a860649000300 |
| 028 | 5 | 2. | ‡aWDYM100 ‡bWhat Do You Meme, LLC |
| 035 | . | ‡a(OCoLC)1237756068 | |
| 050 | 4. | ‡aGV1299 ‡b.W43 2020 | |
| 092 | 0 | . | ‡a793 ‡223 |
| 245 | 0 | 0. | ‡aWhat do you meme? (WT. 1195.7 g) |
| 264 | 1. | ‡aNew York, New York : ‡bWhat Do You Meme, LLC, ‡c[2020] | |
| 300 | . | ‡a1 game (75 photograph cards, 360 caption cards, 1 easel, 1 instruction sheet) : ‡bcolor, paper ; ‡cin container 17 x 12 x 11 cm | |
| 336 | . | ‡atactile three-dimensional form ‡btcf ‡2rdacontent | |
| 337 | . | ‡aunmediated ‡bn ‡2rdamedia | |
| 338 | . | ‡acard ‡bno ‡2rdacarrier | |
| 338 | . | ‡aobject ‡bnr ‡2rdacarrier | |
| 500 | 0 | . | ‡a75 photographic cards |
| 500 | 0 | . | ‡a360 caption cards |
| 500 | 0 | . | ‡a1 easel |
| 500 | 0 | . | ‡a1 instruction sheet |
| 500 | 0. | ‡aWT. 1195.7 | |
| 520 | . | ‡a"Compete to create the funniest meme by pairing Caption Cards with the Photo Card in play. A rotating judge picks the best combination each round."--Container. | |
| 521 | . | ‡aAges 17+. | |
| 650 | 0. | ‡aGames. | |
| 650 | 0. | ‡aMemes ‡vHumor. | |
| 655 | 7. | ‡aHumor. | |
| 655 | 7. | ‡aPuzzles and games. ‡2lcgft | |
| 655 | 0 | . | ‡aRealia |
| 901 | . | ‡a160049 ‡bAUTOGEN ‡c160049 ‡tbiblio | |